Jubilee Line Stations - Statistics

General Stats
  • This quiz has been taken 1,004 times
  • The average score is 21 of 27
Answer Stats
Station % Correct
Stratford
90%
West Ham
90%
Stanmore
89%
Waterloo
86%
London Bridge
85%
Westminster
85%
Baker Street
83%
Bond Street
83%
Canada Water
83%
Green Park
83%
Canary Wharf
82%
Southwark
81%
Bermondsey
80%
Wembley Park
80%
Swiss Cottage
77%
St John's Wood
76%
Canning Town
75%
Kingsbury
75%
North Greenwich
75%
Queensbury
75%
Neasden
70%
Dollis Hill
68%
Finchley Road
68%
Kilburn
67%
West Hampstead
67%
Willesden Green
66%
Canons Park
64%
No matching quizzes found
Score Distribution
Percent of People with Each Score
Percentile by Number Answered
Your Score History
You have not taken this quiz